Az érsekújvári Járás zenei személyiségei személyi bibliográfiai szótár 1995-2000

Bibliographic Details
Main Author: Zemko, Ágnes (Author, Compiler)
Other Authors: Kiss, Magdolna (Compiler, Translator), Kecskésné, Ildikó L. (Translator)
Format: Book
Language:Hungarian
PhysicalDescription:43 s. ilustr. 29 cm
Published: Nové Zámky Knižnica Antona Bernoláka 2000
ISBN:8096848224
Subjects:

MARC

LEADER 00000nam a2200000 a 4500
001 vtls001409809
003 SK-MaSNL
005 20260331204227.0
008 171215s2000 xo aa rd d 0 hun
015 |a SNBA2001/08-02698 
020 |a 8096848224 
035 |a SNK000364499 
035 |a urn:nbn:sk:snk-amti4p 
035 |a urn:nbn:sk:snk-am00c58t 
035 |a 2AFCE683-4A6A-48DF-86E3-C5D23115E330 
040 |a SNK  |b slo  |c SNK  |e AACR2 
041 0 |a hun 
044 |a xo  |c SK 
080 |a 78(437.6):929=945.11  |2 1981 
080 |a 929(437.623)=945.11  |2 1981 
100 1 |a Kiss, Magdolna  |4 com  |4 trl  |9 462637 
245 1 3 |a Az érsekújvári Járás zenei személyiségei  |b személyi bibliográfiai szótár 1995-2000  |c [összeállította: Kiss Magdolna és Zemkó Ágnes] 
260 |a Nové Zámky  |b Knižnica Antona Bernoláka  |c 2000 
300 |a 43 s.  |b ilustr.  |c 29 cm 
500 |a Údaj o prekl. a zost. prevzatý z tiráže 
504 |a Bibliogr. s. 31 
650 0 7 |a hudba  |2 SNK  |9 1063 
650 0 7 |a osobnosti  |2 SNK  |9 29820 
651 7 |a Nové Zámky (Slovensko : okres)  |2 SNK  |9 15958 
655 7 |a biografie  |2 SNKPH  |9 27965 
655 7 |a slovníky  |2 SNKPH  |9 70413 
655 7 |a regionálne bibliografie  |2 SNKPH  |9 70484 
700 1 |a Zemko, Ágnes  |4 aut  |4 com  |9 462638 
700 1 |a Kecskésné, Ildikó L.  |4 trl  |9 462639 
919 |a 80-968482-2-4 
958 |a TL 
958 |a OP 
958 |a HU 
958 |a BC 
958 |a NB 
958 |a BQ 
958 |a OND 
999 |c 725439  |d 727369 
952 |t P60, <03>, [BOOK], {603}  |a SNK  |b SNK  |y PREZ  |7 0  |p 17A0293956  |o snkSB 63225  |i snkKSP 4262/2001  |0 0  |1 0  |4 0  |d 2001-03-23  |f 1  |l 0  |r 2025-04-15 00:00:00  |w 2026-02-23 
952 |t P60, <04>, [BOOK], {604}  |a SNK  |b SNK  |y VYP  |7 0  |p 17A0293957  |o snkSB 63225 D1  |i snkKSP 4263/2001  |0 0  |1 0  |4 0  |d 2001-03-23  |l 0  |r 2005-01-02 00:00:00  |w 2026-02-23